000 00447nam a2200181Ia 4500
001 14496
005 20260306164918.0
008 260306t2006||||xx |||||||||||||| ||spa||
041 _aESP
082 _a515.1
_bV45 2006
100 _aVenero Baldeon, J. Armando
_eAUT
245 0 _aIntroducción al análisis matemático
260 _c2006
300 _a589 páginas :
_c21 cm.
650 _aGEN
654 _aCMA
942 _cLIB
_dJUS
_fJUS
_2ddc
_n
999 _c14496
_d14496